000 00739nam a2200193 i 4500
001 149720
003 ES-MaACL
005 20230906203228.0
007 t|
008 071024m19731978sp ||||1| spa d
245 0 0 _aHistoria económica y social de España /
_cdirigida por V. Vázquez de Prada.
260 _aMadrid :
_bConfederación Española de Cajas de Ahorros,
_c1973-1978.
300 _av. <1, 3> :
_bil. col. y n. ;
_c25 cm.
505 8 _aContiene: 1 ;
_tLa antiguedad - 3 ;
_tLos siglos XVI y XVII
651 4 _aEspaña-
_xSituación económica-
_vHistoria.
_9156949
651 4 _aEspaña-
_xSituación social-
_vHistoria.
_9158641
710 2 _aConfederación Española de Cajas de Ahorros.
_93148
852 _aES-MaACL
_jP-1538
999 _c149720
_d149720